Introducción a la estadística

Saved in:
Bibliografiske detaljer
Hovedforfatter: Caballero A., Wilfredo (Author)
Format: Bog
Sprog:spansk
Udgivet: San José Instituto Interamericano de Ciencias Agrícolas 1975
Serier:IICA. Libros y materiales educativos, 28
Fag:
Tags: Tilføj Tag
Ingen Tags, Vær først til at tagge denne postø!

MARC

LEADER 00000nam a2200000 a 4500
001 UCT1311
003 CL-VaPUC
008 960927e19750000CR |||||||||||||||||spa|d
082 0 4 |a 519.5  |b CAB  |2 21 
100 0 |a Caballero A., Wilfredo  |e author  |9 370129 
245 1 0 |a Introducción a la estadística 
300 |a 288 p 
942 |c BK 
945 |d 19960927 00:00:00  |a cmena 
260 |a San José  |b Instituto Interamericano de Ciencias Agrícolas  |c 1975 
650 0 |a Análisis estadístico  |9 269506 
650 0 |a Métodos de investigación   |9 262618 
650 7 |a CIENCIAS APLICADAS  |2 CL-VaPUC  |9 360599 
650 0 |a Análisis de varianza   |9 336938 
650 0 |a Matemática aplicada   |9 260236 
650 0 |a Teoría de probabilidades   |9 336944 
583 |a last modification  |c 19960927 00:00:00  |k Rodrigo Vera 
490 0 |a IICA. Libros y materiales educativos, 28 
999 |c 251871  |d 251869 
952 |0 0  |1 0  |4 0  |6 519_500000000000000_CAB_1975  |7 0  |8 A  |9 271356  |a BIBCUR  |b BIBCUR  |d 2019-11-19  |i 1748920  |o 519.5 CAB 1975  |p 1748920  |r 2025-04-22  |w 2019-11-19  |y BK  |k BCB